000 01339nam a22002057a 4500
008 120424s2010 ua|||||r|||| 000 0 eng d
020 _a9775031974
082 _a621.384
_bNAT
111 _929738
_aProceedings of the National Radio Science Conference (NRSC2010)
_cFaculty of Electronic Engineering, Menoufya University, Egypt )
_d16-18, March 2010 :
245 _aProceedings of the 27th National Radio Science Conference (NRSC2010) March 16-18.2010 :
_bUnder the auspices of Mohammed A. Ezz-Elarab , Mohammed T. Hussin /
_cOrganized by the academy of scientific research and technology, the national radio science committee and the faculty of electronic engineering, Menoufiya university
260 _aMenoufiya :
_belectronic engineering, Menoufiya university :
_c2010
300 _a1v. (various pagings) :
_bill. ;
_c27 cm.
650 _929739
_aRadio
710 _929740
_aAcademy of Scientific Research and Technology
710 _929741
_aNational Radio Science Committee
710 _929742
_aMenoufiya University
_bFaculty of Electronic Engineering
942 _2ddc
_cBB
999 _c16695
_d16695